Manual de cooperativa de trabajo /
Guardado en:
| Autor Principal: | |
|---|---|
| Formato: | Libro |
| Publicado: |
Buenos Aires :
Intercoop,
1988
|
| Edición: | 2a. ed. |
| Materias: | |
| Etiquetas: |
Agregar Etiqueta
Sin Etiquetas, Sea el primero en etiquetar este registro!
|
| LEADER | 00802nam a22002295a 4500 | ||
|---|---|---|---|
| 001 | CEM.cems005945 | ||
| 005 | 20060214000000.0 | ||
| 008 | 130507s1988##################000#0#####d | ||
| 003 | CEMS | ||
| 082 | 0 | 4 | |a 334 |
| 100 | 1 | |a Semisa, Domingo | |
| 245 | 1 | 0 | |a Manual de cooperativa de trabajo / |
| 250 | |a 2a. ed. | ||
| 260 | |a Buenos Aires : |b Intercoop, |c 1988 | ||
| 300 | |a 173 p. | ||
| 505 | 0 | |a Bahia Blanca en el periodo 1880-1920; Surgimiento del cooperativismo local; Evolución histórica de la Cooperativa Obrera Ltda.; Proyeciónes sociales | |
| 653 | |a Cooperativas | ||
| 653 | |a Cooperativas de trabajo | ||
| 653 | |a Cooperativas de trabajo-admini | ||
| 653 | |a Cooperativas de trabajo-fiscal | ||
| 653 | |a Cooperativas de trabajo-legisl | ||
| 859 | |a CEMS |b BIB. CEMS - 11 de abril |h 334 |i Se52 |p 15418.89 |t Ej.1 | ||
